00618nam a2200169 a 450000100100000000500170001000800410002704000250006808200180009310000190011124501070013026000440023730000270028150400390030865000270034771000740037400001565720250715131054.0100217s1997 dr a 000 0 spa d aDO-SdBNPbspacBNPHU a370.11bA372h1 aAleth, Kirsten10aHerramientas para la educación ambiental :bmanual de apoyo para la capacitación /cKirsten Aleth. aSanto Domingo :bCEDECO,c1997.fBúho a99 p. :bil. ;c27 cm. aIncluye bibliografía (p. 98- 99) 0aEducación ambiental 1 aCentro Dominicano De educación Ecológica (República Dominicana)